000
00410nam a2200145Ia 4500
008
100122s9999 xx 000 0 und d
082
_b
55318
_a
808.5
100
_a
घाणेकर मधुसूदन
245
_a
भाषणकला
260
_b
नितीन प्रकाशन
_c
1998
300
_a
57
630
_a
भाषणकला
730
_a
भाषणकला
942
_c
BOOK
999
_c
431960
_d
431957